| 000 | 00000nam 2200000zi 4500 |
| 001 | 9.843833 |
| 003 | CaOODSP |
| 005 | 20221107152620 |
| 006 | m o d f |
| 007 | cr cn||||||||| |
| 008 | 170915t20172017bcca ob f000 0 eng d |
| 020 | |a9780660097558 |
| 040 | |aCaOODSP|beng|erda|cCaOODSP |
| 043 | |an-cn--- |
| 086 | 1 |aCP32-163/1-2017E-PDF |
| 110 | 2 |aNational Inquiry into Missing and Murdered Indigenous Women and Girls (Canada)|eauthor, |eissuing body. |
| 245 | 10|aOur women and girls are sacred : |binterim report / |cthe National Inquiry into Missing and Murdered Indigenous Women and Girls. |
| 264 | 1|aVancouver, BC : |bNational Inquiry into Missing and Murdered Indigenous Women and Girls, |c[2017] |
| 264 | 4|c©2017 |
| 300 | |a1 online resource (111 pages) : |bcolour illustrations |
| 336 | |atext|btxt|2rdacontent |
| 337 | |acomputer|bc|2rdamedia |
| 338 | |aonline resource|bcr|2rdacarrier |
| 500 | |aIssued also in French under title: Nos femmes et nos filles sont sacrées : rapport provisoire; in Inuinnaqtun under title: Arnavut arnaruhiqpullu iqhiyut: iluaniituniklu uniklutiniklu; and in Inuktitut under title: Arnait niviarsaallu pigijavut ijjurnaittuuvut: unikkaaliarijaulaukaksimajuq. |
| 504 | |aIncludes bibliographical references. |
| 650 | 0|aMissing persons|xInvestigation|zCanada. |
| 650 | 0|aIndigenous women|xCrimes against|zCanada. |
| 650 | 0|aIndigenous women|xViolence against|zCanada. |
| 775 | 08|tNos femmes et nos filles sont sacrées : |w(CaOODSP)9.843834 |
| 775 | 08|t[Our women and girls are sacred] : |w(CaOODSP)9.867075 |
| 775 | 08|tArnavut arnaruhiqpullu iqhiyut : |w(CaOODSP)9.867077 |
| 776 | 0#|tOur women and girls are sacred : |w(CaOODSP)9.843893 |
| 856 | 40|qPDF|s4.35 MB|uhttps://publications.gc.ca/collections/collection_2017/ffada-mmiwg/CP32-163-1-2017-eng.pdf |